| 000 | 01139 a2200157 4500 | ||
|---|---|---|---|
| 003 | OSt | ||
| 005 | 20260204154212.0 | ||
| 008 | 260204b |||||||| |||| 00| 0 eng d | ||
| 020 | _a9789391558291 | ||
| 100 |
_aमोडक ए. _9216606 |
||
| 245 | _aविवेकानंद चिरंतन चैतन्याचा स्रोत | ||
| 260 |
_bभारतीय विचार साधना प्रकाशन _c2014 _aपुणे |
||
| 300 | _a148pp. | ||
| 520 | _aस्वामी विवेकानंदांच्या जीवनातील संस्मरणीय प्रसंग. नरेंद्रनाथांच्या आई श्रीमती भुवनेश्वरीदेवी या उमद्या स्वभावाच्या स्त्री होत्या. जीवनातील नंतरच्या काळात स्वामी विवेकानंद वारंवार म्हणत असत : 'माझ्या बौद्धिक विकासासाठी माझ्या आईचा | ||
| 942 |
_cBK _2ddc |
||
| 999 |
_c370182 _d370182 |
||